000 01138nam a22002897a 4500
005 2010101908158.0
008 101019t xxu||||| |||| 00| 0 hin
010 _aHIN-95823
020 _c395.00
_a9789381130735
035 _aHN-68169
037 _bDBAD / PUB
040 _aDPL
_bHN
082 _a808.883
100 _923632
_aसुरजन,ललित
245 _aतुम कहाँ हो जॉनी वाकर /
_bललित सुरजन
260 _aदिल्ली
_bयश पब्लिकेशन्स
_c2011
270 _bदिल्ली
_a1/10753 गली न.3 सुभाष पार्क नवीन शहादरा,
_e110032
_mwwwyashpublication.com
_k09899938522
300 1 _a195पृ.
_c22सेमी (सजिल्द)
650 _9657
650 _934273
700 _939143
710 _934811
710 _935049
711 _944931
942 _2ddc
_cHN
_mसुरज
_h808.883
999 _c64944
_d64944